000 00465nam a2200181Ia 4500
005 20250326123924.0
008 250326s9999 xx 000 0 und d
037 _aTextbook
040 _aFMSL
_beng
_cFMSL
041 _aeng
_2eng
084 _aSNI Lo1
_qFMSL
100 _aYates A J
_9736129
245 0 _aBehavior theory
_cYates A J
260 _aNY
_bNY, John Wiley
_c1970
300 _a445p
942 _cTB
_hSNI Lo1
999 _c1271486
_d1271486